5 największych miast Namibii - Statystyki

Ogólne statystyki
  • Ten quiz został rozwiązany 8 razy
  • Średni wynik to 3 z 5
Statystyki odpowiedzi
Region Odpowiedź % Poprawnych
Erongo Walvis Bay
100%
Khomas Windhuk
100%
Erongo Swakopmund
80%
Kavango Rundu
40%
Oshana Oshakati
20%
Nie znaleziono quizów pasujących do podanych kryteriów
Rozkład punktacji
Procent ludzi z każdym wynikiem
Percentyl według liczby udzielonych odpowiedzi
Twoja historia wyników
Nie rozwiązałeś tego quizu